header

Mad Jesus (Record no. 125819)

MARC details
000 -LEADER
fixed length control field 01645nam a2200409 a 4500
082 04 - DEWEY DECIMAL CLASSIFICATION NUMBER
Classification number 299.7/84544/0092
-- B
100 1# - MAIN ENTRY--AUTHOR NAME
Personal name Knab, T. J.
245 10 - TITLE STATEMENT
Title Mad Jesus
250 ## - EDITION STATEMENT
Edition statement 1st ed.
260 ## - PUBLICATION, DISTRIBUTION, ETC. (IMPRINT)
Place of publication Albuquerque :
Name of publisher University of New Mexico Press,
Year of publication 2004.
300 ## - PHYSICAL DESCRIPTION
Number of Pages vii, 279 p. :
Other physical details map.
505 0# - FORMATTED CONTENTS NOTE
Formatted contents note pt. 1. Mad Jesus : Santo Cristo -- pt. 2. The gospel of Mad Jesus -- pt. 3. Resurrecting Jesus.
650 #0 - SUBJECT ADDED ENTRY--TOPICAL TERM
Topical Term Huichol Indians
Topical Term Shamans
Topical Term Huichol Indians
Topical Term Shamanism
Topical Term Nativistic movements
856 40 - ELECTRONIC LOCATION AND ACCESS
Uniform Resource Identifier http://site.ebrary.com/lib/rucke/Doc?id=10492195

No items available.

© 2026 Rongo University
Contact us: librarian | system librarian | Rongo university